| 000 | 01554cam a2200445 4500 | ||
|---|---|---|---|
| 003 | PE-LiUPU | ||
| 005 | 20250731173422.0 | ||
| 020 | _a84 7228 330 5 | ||
| 035 | _a(Sirsi) i9788472283305 | ||
| 035 | _a(Sirsi) 9004 | ||
| 035 | _a(Sirsi) 9004 | ||
| 041 | _aes | ||
| 044 | _aus | ||
| 082 | 0 | 4 |
_a253.2 _bM26 XI-2 |
| 100 | 1 | _aMartínez, José M | |
| 245 |
_aMinistros de Jesucristo (Pastoral) / _cJosé M. Martínez. |
||
| 264 | 1 |
_aBarcelona : _bClie, _c1977 |
|
| 300 |
_a226 páginas ; _c19 cm. |
||
| 490 | 0 |
_aCurso de formación teológica evangélica _v11 |
|
| 504 | _aIncluye bibliografía | ||
| 505 | 0 | _aConcepto bíblico del pastorado -- Psicología y pastoral -- El pastor como consejero -- Problemas de la fe -- Sentimientos de culpa -- Experiencias de tribulación -- Problemas conyugales -- La problemática de la juventud -- Problemas en relac | |
| 526 | _aSEG42 | ||
| 526 | _aSEG41 | ||
| 526 | _aSEG40 | ||
| 526 | _aSEG39 | ||
| 526 | _aP94 | ||
| 526 | _aP87 | ||
| 526 | _aP86 | ||
| 526 | _aP85 | ||
| 526 | _aP77 | ||
| 526 | _aP76 | ||
| 526 | _aP35 | ||
| 650 | 1 | 4 |
_aTeología pastoral _91381 |
| 942 |
_2ddc _cBOOK |
||
| 949 |
_a253.2 M26 _i19295 _lCCODEBUL1 _mBUL _tLIBRO _o.STAFF. Circulación |
||
| 859 |
_q19295 _h253.2 _iM26 |
||
| 910 | _aaj-pb | ||
| 596 | _a1 | ||
| 999 |
_a253.2 M26 XI-2 _wDEWEY _c53936 _i65463 _d53936 _e2016-8-11 _f2021-11-10 _g5 _lCCODEBUL1 _mBUL _n2 _p25.00 _q1 _r0 _sY _tBOOK _u2015-7-6 _xTEOLOGIA _PP35 _0COMPRA _o.STAFF. Colección General |
||
| 980 |
_81 _gALBERTO SANCHEZ Responsable de Automatización |
||